Geodiversity : valuing and conserving abiotic nature

Αποθηκεύτηκε σε:
Λεπτομέρειες βιβλιογραφικής εγγραφής
Κύριος συγγραφέας: Gray, J. M.
Μορφή: Βιβλίο
Γλώσσα:English
Δημοσίευση: Chichester, West Sussex, UK : Wiley Blackwell, 2013.
Έκδοση:2η έκδ.
Θέματα:
Ετικέτες: Προσθήκη ετικέτας
Δεν υπάρχουν, Καταχωρήστε ετικέτα πρώτοι!

MARC

LEADER 00000nam a2200000 a 4500
001 1/111617
008 160831s2013####enk| ||| |||| ||eng||
020 |a 9780470742150  
040 |a GR-MyUa  |b gre  |c GR-MyUa  |e AACR2 
041 0 |a eng 
082 7 |a 551   |2 (23)  
100 1 |a Gray, J. M. 
245 1 0 |a Geodiversity :   |b valuing and conserving abiotic nature /   |c Murray Gray.  
250 |a 2η έκδ.  
260 |a Chichester, West Sussex, UK :   |b Wiley Blackwell,   |c 2013.  
300 |a xi, 495 σ. ;   |c 26 εκ.  
504 |a Περιλαμβάνει βιβλιογραφία (σ. 455-490) και ευρετήριο.  
650 0 |a Biodiversity. 
650 0 |a Geodiversity. 
650 0 |a Conservation of natural resources. 
852 |a INST  |b LESVOS  |c BK  |e 20160831  |h 551 GRA  |p 005100058375  |q 005100058375  |t BK  |y 0 
922 |a 1ΕΛΗ  |b 2016-05  |c Τμήμα Γεωγραφίας  |d Δρες 
970 |z 31-08-2016